[Event "Nuremberg Zabo op 05th"]
[Site "Nuremberg"]
[Date "2003.09.26"]
[Round "1"]
[White "Vogiatzis, Dimitrios"]
[Black "Kulbacki, Pawel"]
[Result "1-0"]
[WhiteElo "1912"]
[BlackElo "1585"]
[PlyCount "45"]
[EventDate "2003.09.26"]
[EventType "swiss"]
[EventRounds "5"]
[EventCountry "GER"]
[SourceTitle "EXT 2018"]
[Source "ChessBase"]
[SourceDate "2017.10.13"]
[SourceVersion "1"]
[SourceVersionDate "2017.10.13"]
[SourceQuality "1"]

1. e4 d5 2. exd5 Qxd5 3. c4 Qa5 4. Nc3 e5 5. Nf3 Bg4 6. Be2 Nd7 7. 0-0 Ngf6 8. d4 e4 9. Ng5 Bf5 10. f3 c5 11. fxe4 Bg6 12. e5 cxd4 13. exf6 dxc3 14. b4 Qxb4 15. Bg4 Bc5+ 16. Kh1 Nxf6 17. Rxf6 gxf6 18. Qd7+ Kf8 19. Nxf7 Bxf7 20. Bh6+ Kg8 21. Be6 Be7 22. Bd5 c2 23. Qg4# 1-0